Romance da raposa (Registo nº 1023)

Detalhes MARC
000 -Etiqueta do registo
Cabeçalho 00758nam0a2200253 4500
005 - Identificador da versão
Campo de controlo 20240813121823.0
010 ## - Número internacional normalizado dos livros (ISBN)
Número (ISBN) 9789722519779
021 ## - Número do Depósito Legal
Código do país PT
Número 297 199/09
100 ## - Dados gerais de processamento
Dados gerais de processamento 20151016d2009 a y0pory5003 ba
102 ## - Pais de publicação ou produção
País de publicação Portugal
101 0# - Língua de publicação
Língua do texto, banda sonora, etc. Português
215 ## - Descrição física 
Indicação específica da natureza do documento e extensão da espécie 218 p.
Outras indicações físicas il. color
200 1# - Titulo e menção de responsabilidade
Título próprio Romance da raposa
Primeira menção de responsabilidade Aquilino Ribeiro
Outras menções de responsabilidade il. de Artur Correia
210 ## - Publicação, Distribuição, etc. 
Lugar da edição, distribuição, etc. Lisboa
Nome do editor, distribuidor, etc. Bertrand
Data da publicação, distribuição, etc. 2009
300 ## - Notas gerais 
Texto da nota Plano Nacional de Leitura
606 ## - Nome comum usado como assunto
Número de registo de entrada de autoridade 0002112
Palavra de ordem Literatura portuguesa
Subdivisão de assunto Romances de aventuras
Código do sistema CA
675 ## - Classificação Decimal Universal (CDU)
Notação 821.134.3-311.3
Edição 3ª ed.
Língua da edição por
702 #1 - Nome de autor-pessoa física (responsabilidade secundária)
Número de registo de entrada de autoridade 0002619
Palavra de ordem Correia
Outra parte do nome não tomada para palavra de ordem Artur
Código de função Ilustrador / Técnico de desenho computorizado
700 #1 - Nome de autor-pessoa física (responsabilidade principal)
Número de registo de entrada de autoridade 0002299
Palavra de ordem Ribeiro
Outra parte do nome não tomada para palavra de ordem Aquilino
Datas 1885-1963
966 ## - Identificação da Biblioteca
Sigla EB2,3ENM
942 ## - Elementos de entrada adicionados (Koha)
Tipo de item no Koha Livro
Exemplares
Situação do levantamento Origin of item (home branch) (coded) Biblioteca de empréstimo Código de barras Cota Circulation type (not for loan) Tipo de documento Nota do exemplar Damaged status
  Biblioteca Escolar Eng. Nuno Mergulhão Biblioteca Escolar Eng. Nuno Mergulhão BENM1880 82LP-3 RIB PNL   Livro Sem mensagem